ACM Turing award lectures: the first twenty years 1965-1985 (Record no. 42881)

MARC details
000 -LEADER
fixed length control field 00762nam a2200277Ia 4500
003 - CONTROL NUMBER IDENTIFIER
control field OSt
005 - DATE AND TIME OF LATEST TRANSACTION
control field 20220912150239.0
008 - FIXED-LENGTH DATA ELEMENTS--GENERAL INFORMATION
fixed length control field 220909b |||||||| |||| 00| 0 eng d
020 ## - INTERNATIONAL STANDARD BOOK NUMBER
International Standard Book Number 0201548852
037 ## - SOURCE OF ACQUISITION
Terms of availability Textual
040 ## - CATALOGING SOURCE
Original cataloging agency CSL
Language of cataloging eng
Transcribing agency CSL
041 ## - LANGUAGE CODE
Language code of text/sound track or separate title eng
245 #0 - TITLE STATEMENT
Title ACM Turing award lectures: the first twenty years 1965-1985
260 ## - PUBLICATION, DISTRIBUTION, ETC.
Place of publication, distribution, etc. New York
Name of publisher, distributor, etc. ACM Press
Date of publication, distribution, etc. 1987
300 ## - PHYSICAL DESCRIPTION
Extent xviii,483p
490 ## - SERIES STATEMENT
Series statement ACM Press anthology series
500 ## - GENERAL NOTE
General note Indexes 473-483p; ; 1995-01-25^bSB^c1996-04-16
650 ## - SUBJECT ADDED ENTRY--TOPICAL TERM
Topical term or geographic name entry element Lectures
650 ## - SUBJECT ADDED ENTRY--TOPICAL TERM
Topical term or geographic name entry element Computer science
942 ## - ADDED ENTRY ELEMENTS (KOHA)
Classification part D65,8(B)z7, M7
Koha item type Textual
Source of classification or shelving scheme Colon Classification (CC)
Holdings
Withdrawn status Lost status Damaged status Not for loan Home library Current library Date acquired Total Checkouts Full call number Barcode Date last seen Price effective from Koha item type
        Central Science Library Central Science Library 2022-09-12   D65,8(B)z7 M7 SL1026759 2022-09-12 2022-09-12 Textual
Copyright @ Delhi University Library System